[Event "ODJM C 2019"]
[Site "Willingen GER"]
[Date "2019.06.12"]
[Round "6"]
[White "Schwarz, David"]
[Black "Laux, Filip"]
[Result "1-0"]
[Termination "normal"]
[Board "23"]
[WhiteElo "950"]
[BlackElo "1155"]
[PlyCount "47"]
[WhiteFideId "16287614"]
[BlackFideId "16275730"]
[EventCountry "GER"]
[EventRounds "9"]
[EventType "swiss"]
[EventDate "2019.06.08"]

1. e4 c6 2. Nf3 d5 3. Nc3 dxe4 4. Nxe4 Bf5 5. Ng3 Bg6 6. h4 h6 7. Ne5 Bh7 8.
Qh5 g6 9. Qf3 Nf6 10. Qb3 Qd5 11. Qxb7 Qxe5+ 12. Be2 e6 13. Qxa8 Bc5 14. c3 Ng4
15. d4 Qc7 16. Bxg4 Bd6 17. Rh3 O-O 18. Bxh6 Re8 19. Ne4 Be7 20. Nc5 Bxc5 21.
dxc5 Rc8 22. O-O-O Na6 23. Qxc8+ Qxc8 24. Rhd3 1-0

[Event "ODJM C 2019"]
[Site "Willingen GER"]
[Date "2019.06.12"]
[Round "6"]
[White "Wartenberg, Alexander"]
[Black "Barthel, Sascha"]
[Result "0-1"]
[Termination "normal"]
[Board "24"]
[WhiteElo "1002"]
[BlackElo "1297"]
[PlyCount "70"]
[WhiteFideId "16280768"]
[BlackFideId "16280369"]
[EventCountry "GER"]
[EventRounds "9"]
[EventType "swiss"]
[EventDate "2019.06.08"]

1. e4 e5 2. Nf3 Nc6 3. d4 Bd6 4. Bc4 Nf6 5. Nc3 exd4 6. Nxd4 Be5 7. Nxc6 bxc6
8. O-O Bxc3 9. bxc3 Nxe4 10. Re1 d5 11. Bf1 O-O 12. Ba3 Re8 13. Qd3 Bd7 14.
Rad1 Qf6 15. c4 Nxf2 16. Rxe8+ Rxe8 17. Bb2 Qf4 18. Qc3 f6 19. Re1 Rxe1 20.
Qxe1 Ng4 21. g3 Qd6 22. Qe2 Qc5+ 23. Kg2 Ne3+ 24. Kh1 Ng4 25. Ba1 Nf2+ 26. Kg2
Bh3+ 27. Kg1 Ne4+ 28. Kh1 Bg4 29. Qe1 Nf2+ 30. Kg2 Bh3+ 31. Kf3 Bxf1 32. Qxf1
Ne4 33. Qe1 Qxc4 34. Kg2 Qxc2+ 35. Kh1 Qxa2 0-1

[Event "ODJM C 2019"]
[Site "Willingen GER"]
[Date "2019.06.12"]
[Round "6"]
[White "Schilay, Vinzenz"]
[Black "Scheerer, Amelie"]
[Result "0-1"]
[Termination "normal"]
[Board "25"]
[WhiteElo "1111"]
[BlackElo "1054"]
[PlyCount "60"]
[WhiteFideId "12983209"]
[BlackFideId "16275772"]
[EventCountry "GER"]
[EventRounds "9"]
[EventType "swiss"]
[EventDate "2019.06.08"]

1. e4 e5 2. Nf3 Nc6 3. Nc3 Nf6 4. Be2 Bc5 5. Nxe5 Nxe5 6. d4 Bb4 7. dxe5 Nxe4
8. Qd4 Bxc3+ 9. bxc3 d5 10. f3 Ng5 11. O-O O-O 12. Rd1 c6 13. c4 Ne6 14. Qd2
Qb6+ 15. Kh1 dxc4 16. Bxc4 Rd8 17. Qe1 Rxd1 18. Qxd1 Qf2 19. Bxe6 Bxe6 20. Bf4
Bc4 21. Bg3 Qe2 22. Qxe2 Bxe2 23. Re1 Bc4 24. a3 Re8 25. f4 f6 26. c3 Rd8 27.
h3 Rd2 28. Rb1 Bd5 29. Rg1 Rd3 30. Be1 Rxh3# 0-1

[Event "ODJM C 2019"]
[Site "Willingen GER"]
[Date "2019.06.12"]
[Round "6"]
[White "Laag, Elena"]
[Black "Gerdes, Jesko"]
[Result "0-1"]
[Termination "normal"]
[Board "26"]
[WhiteElo "841"]
[BlackElo "1106"]
[PlyCount "98"]
[WhiteFideId "16287576"]
[BlackFideId "16273699"]
[EventCountry "GER"]
[EventRounds "9"]
[EventType "swiss"]
[EventDate "2019.06.08"]

1. e4 e5 2. Nf3 Nc6 3. Bc4 Nf6 4. Ng5 d5 5. exd5 Nd4 6. d6 Qxd6 7. Nxf7 Qc6 8.
b3 Qxg2 9. d3 Qxh1+ 10. Kd2 Qxd1+ 11. Kxd1 Bg4+ 12. Kd2 g6 13. Nxh8 Bh6+ 14.
Kc3 Bxc1 15. Nf7 Be6 16. Nxe5 Ne2+ 17. Kb4 Bb2 18. Bxe6 Bxa1 19. c3 Ke7 20. Bh3
Nd5+ 21. Kc4 Ndxc3 22. Nxc3 Bxc3 23. Bf1 Bxe5 24. Bxe2 Bxh2 25. Bf3 Rb8 26. a4
Bg1 27. Be2 Bxf2 28. b4 h5 29. b5 b6 30. Kb4 h4 31. Bf1 g5 32. Bh3 Rg8 33. Bg2
g4 34. Bd5 Rg5 35. Kc4 Kd6 36. Bc6 h3 37. d4 Bxd4 38. Kxd4 Re5 39. Be4 g3 40.
Ke3 Rxe4+ 41. Kf3 h2 42. Kg2 Re2+ 43. Kh1 Re1+ 44. Kg2 h1=R 45. Kxg3 Rh8 46.
Kf2 Re7 47. a5 Rf8+ 48. Kg3 Rg7+ 49. Kh4 Rh8# 0-1

[Event "ODJM C 2019"]
[Site "Willingen GER"]
[Date "2019.06.12"]
[Round "6"]
[White "Weidenhöfer, Ben"]
[Black "Weiss, Adrian"]
[Result "1-0"]
[Termination "normal"]
[Board "31"]
[WhiteElo "821"]
[BlackElo "774"]
[PlyCount "43"]
[WhiteFideId "16273702"]
[BlackFideId "16286022"]
[EventCountry "GER"]
[EventRounds "9"]
[EventType "swiss"]
[EventDate "2019.06.08"]

1. d4 d5 2. Nc3 Nf6 3. Nf3 Bf5 4. Bf4 e6 5. e3 c5 6. Bb5+ Ke7 7. dxc5 a6 8.
Bd6+ Qxd6 9. cxd6+ Kxd6 10. Bd3 Bg6 11. O-O Nc6 12. Bxg6 hxg6 13. Re1 Ne5 14.
Nxe5 Kxe5 15. f3 Be7 16. e4 Rad8 17. exd5+ Kd6 18. dxe6+ Kc7 19. Qe2 Kb8 20.
exf7 Rh7 21. Qxe7 Rdh8 22. h3 1-0

[Event "ODJM C 2019"]
[Site "Willingen GER"]
[Date "2019.06.13"]
[Round "7"]
[White "Sinka, Silas"]
[Black "Strübel, Tobias"]
[Result "0-1"]
[Termination "normal"]
[Board "1"]
[WhiteElo "1292"]
[BlackElo "1337"]
[WhiteClock "00:34:14"]
[BlackClock "00:50:23"]
[PlyCount "84"]
[WhiteFideId "16265823"]
[BlackFideId "16284860"]
[EventCountry "GER"]
[EventRounds "9"]
[EventType "swiss"]
[EventDate "2019.06.08"]

1. d4 {[%clk 1:30:59]} 1... d5 {[%clk 1:30:57]} 2. c4 {[%clk 1:31:22]} 2... e6
{[%clk 1:31:22]} 3. b3 {[%clk 1:31:45]} 3... Nf6 {[%clk 1:31:32]} 4. Nf3 {
[%clk 1:32:01]} 4... Be7 {[%clk 1:31:50]} 5. e3 {[%clk 1:32:24]} 5... O-O {
[%clk 1:32:04]} 6. Bd3 {[%clk 1:32:51]} 6... c5 {[%clk 1:32:25]} 7. O-O { [%clk
1:33:10]} 7... Nc6 {[%clk 1:32:13]} 8. Bb2 {[%clk 1:33:31]} 8... Bd7 { [%clk
1:27:21]} 9. Nbd2 {[%clk 1:33:30]} 9... a6 {[%clk 1:24:10]} 10. Re1 { [%clk
1:31:43]} 10... cxd4 {[%clk 1:21:18]} 11. exd4 {[%clk 1:31:59]} 11... Nb4
{[%clk 1:20:12]} 12. Bb1 {[%clk 1:30:59]} 12... a5 {[%clk 1:16:21]} 13. a3 {
[%clk 1:30:06]} 13... Nc6 {[%clk 1:16:33]} 14. Ne5 {[%clk 1:29:19]} 14... Nxe5
{[%clk 1:16:16]} 15. dxe5 {[%clk 1:29:38]} 15... Ne8 {[%clk 1:16:31]} 16. f4 {
[%clk 1:23:20]} 16... dxc4 {[%clk 1:16:13]} 17. Nxc4 {[%clk 1:22:59]} 17... f6
{[%clk 1:12:26]} 18. Bd4 {[%clk 0:54:16]} 18... b5 {[%clk 1:05:45]} 19. Nd2 {
[%clk 0:46:03]} 19... Bc6 {[%clk 1:02:33]} 20. Bf2 {[%clk 0:46:03]} 20... f5 {
[%clk 0:59:02]} 21. Nf1 {[%clk 0:45:36]} 21... Qxd1 {[%clk 0:58:45]} 22. Rxd1 {
[%clk 0:45:54]} 22... Bd5 {[%clk 0:58:10]} 23. Bc2 {[%clk 0:46:08]} 23... Rc8 {
[%clk 0:57:57]} 24. Rdc1 {[%clk 0:44:42]} 24... g5 {[%clk 0:56:37]} 25. g3 {
[%clk 0:45:00]} 25... gxf4 {[%clk 0:56:39]} 26. gxf4 {[%clk 0:45:14]} 26... Rf7
{[%clk 0:56:57]} 27. Ng3 {[%clk 0:44:53]} 27... Bc5 {[%clk 0:56:25]} 28. Bxc5 {
[%clk 0:44:30]} 28... Rxc5 {[%clk 0:56:49]} 29. Bd3 {[%clk 0:41:58]} 29...
Rxc1+ {[%clk 0:54:46]} 30. Rxc1 {[%clk 0:42:15]} 30... Rc7 {[%clk 0:55:04]} 31.
Rb1 {[%clk 0:41:51]} 31... b4 {[%clk 0:54:53]} 32. axb4 {[%clk 0:40:56]} 32...
axb4 {[%clk 0:55:16]} 33. Nh5 {[%clk 0:37:20]} 33... Rc3 {[%clk 0:53:50]} 34.
Bb5 {[%clk 0:37:17]} 34... Nc7 {[%clk 0:51:51]} 35. Nf6+ {[%clk 0:37:17]} 35...
Kg7 {[%clk 0:52:00]} 36. Nxd5 36... Nxd5 {[%clk 0:52:16]} 37. Bc4 { [%clk
0:36:06]} 37... Nxf4 {[%clk 0:52:23]} 38. Rf1 {[%clk 0:35:03]} 38... Nh3+
{[%clk 0:52:36]} 39. Kg2 {[%clk 0:35:08]} 39... Ng5 {[%clk 0:52:45]} 40. h4 {
[%clk 0:35:01]} 40... Rc2+ {[%clk 0:51:53]} 41. Kh1 {[%clk 0:34:42]} 41... Ne4
{[%clk 0:51:32]} 42. Kg1 {[%clk 0:34:14]} 42... Nd2 {[%clk 0:50:23]} 0-1

[Event "ODJM C 2019"]
[Site "Willingen GER"]
[Date "2019.06.13"]
[Round "7"]
[White "Fink, Anton"]
[Black "Mylke, Sandy-Michelle"]
[Result "1-0"]
[Termination "normal"]
[Board "2"]
[WhiteElo "1478"]
[BlackElo "1238"]
[WhiteClock "00:16:24"]
[BlackClock "00:10:39"]
[PlyCount "59"]
[WhiteFideId "16235703"]
[BlackFideId "16235045"]
[EventCountry "GER"]
[EventRounds "9"]
[EventType "swiss"]
[EventDate "2019.06.08"]

1. e4 {[%clk 1:30:59]} 1... e5 {[%clk 1:30:49]} 2. Nf3 {[%clk 1:31:26]} 2...
Nc6 {[%clk 1:31:03]} 3. Bc4 {[%clk 1:31:52]} 3... Bc5 {[%clk 1:31:13]} 4. c3 {
[%clk 1:32:08]} 4... Nf6 {[%clk 1:31:19]} 5. d3 {[%clk 1:32:10]} 5... O-O {
[%clk 1:31:22]} 6. Bg5 {[%clk 1:32:26]} 6... h6 {[%clk 1:31:24]} 7. Bh4 { [%clk
1:32:32]} 7... Be7 {[%clk 1:28:19]} 8. Nbd2 {[%clk 1:27:50]} 8... d6 { [%clk
1:25:49]} 9. Bb3 {[%clk 1:22:27]} 9... Be6 {[%clk 1:22:06]} 10. Bc2 { [%clk
1:21:01]} 10... d5 {[%clk 1:19:00]} 11. Qe2 {[%clk 1:16:30]} 11... Nh5 { [%clk
1:09:49]} 12. Bxe7 {[%clk 1:13:45]} 12... Qxe7 {[%clk 1:10:02]} 13. Nxe5 {[%clk
1:11:10]} 13... Nf4 {[%clk 1:09:00]} 14. Nxc6 {[%clk 1:04:16]} 14... bxc6
{[%clk 1:07:13]} 15. Qf3 {[%clk 0:57:29]} 15... Qg5 {[%clk 1:00:35]} 16. g3
{[%clk 0:48:22]} 16... Ng6 {[%clk 0:53:04]} 17. h3 {[%clk 0:46:21]} 17... Qe7
18. O-O-O {[%clk 0:39:17]} 18... Rab8 {[%clk 0:44:36]} 19. d4 { [%clk 0:34:47]}
19... Rb7 {[%clk 0:39:22]} 20. h4 {[%clk 0:33:05]} 20... Nh8 { [%clk 0:37:55]}
21. exd5 {[%clk 0:30:20]} 21... Bxd5 {[%clk 0:37:06]} 22. Qd3 { [%clk 0:29:21]}
22... f5 {[%clk 0:31:48]} 23. Rhg1 {[%clk 0:22:33]} 23... c5 { [%clk 0:23:01]}
24. Rde1 {[%clk 0:19:58]} 24... Qd6 {[%clk 0:19:00]} 25. dxc5 { [%clk 0:18:09]}
25... Qxc5 {[%clk 0:17:29]} 26. Re5 {[%clk 0:17:18]} 26... Qb5 {[%clk 0:15:43]}
27. Qxd5+ {[%clk 0:17:06]} 27... Qxd5 {[%clk 0:10:11]} 28. Rxd5 {[%clk
0:17:33]} 28... Rfb8 29. Rxf5 {[%clk 0:16:18]} 29... Rxb2 { [%clk 0:10:39]} 30.
Bb3+ {[%clk 0:16:24]} 1-0

[Event "ODJM C 2019"]
[Site "Willingen GER"]
[Date "2019.06.13"]
[Round "7"]
[White "Reyher, Bastian"]
[Black "Zhang, Yibo"]
[Result "0-1"]
[Termination "normal"]
[Board "7"]
[WhiteElo "1137"]
[BlackElo "1302"]
[PlyCount "76"]
[WhiteFideId "12927465"]
[BlackFideId "16287657"]
[EventCountry "GER"]
[EventRounds "9"]
[EventType "swiss"]
[EventDate "2019.06.08"]

1. e4 e5 2. Bc4 Nf6 3. d3 Bc5 4. Nc3 Nc6 5. Bg5 h6 6. Be3 Bb6 7. Nge2 d6 8. Qd2
Be6 9. Bb3 Qd7 10. O-O d5 11. exd5 Nxd5 12. Nxd5 Bxd5 13. f4 exf4 14. Nxf4 Bxb3
15. axb3 O-O-O 16. Bxb6 cxb6 17. Qc3 a6 18. Qxg7 Nd4 19. Rac1 Rdg8 20. Qe5 Re8
21. Qh5 Qc7 22. Rf2 Re5 23. Nd5 Rxh5 24. Nxc7 Kxc7 25. Rxf7+ Kc8 26. Kh1 Re5
27. h3 Re2 28. Rf6 b5 29. Rff1 Kb8 30. Rf4 Rxc2 31. Rd1 Nxb3 32. d4 Rxb2 33. d5
Rd8 34. d6 Rd2 35. Rxd2 Nxd2 36. Rd4 Nb3 37. Rd3 Na5 38. Ra3 Nc4 0-1

[Event "ODJM C 2019"]
[Site "Willingen GER"]
[Date "2019.06.13"]
[Round "7"]
[White "Rudolph, Alexander"]
[Black "Wechtenbruch, Jamie"]
[Result "1-0"]
[Termination "normal"]
[Board "8"]
[WhiteElo "1414"]
[BlackElo "1371"]
[PlyCount "39"]
[WhiteFideId "16275748"]
[BlackFideId "16267737"]
[EventCountry "GER"]
[EventRounds "9"]
[EventType "swiss"]
[EventDate "2019.06.08"]

1. e4 e5 2. Nf3 Nc6 3. Bc4 Bc5 4. c3 Nf6 5. d4 exd4 6. cxd4 Bb4+ 7. Bd2 d6 8.
Bxb4 Nxb4 9. Bxf7+ Kxf7 10. Qb3+ Ke8 11. Qxb4 Nxe4 12. O-O Kf8 13. d5 Nc5 14.
Nc3 a6 15. Rad1 Qf6 16. Rfe1 Kf7 17. Ne4 Nxe4 18. Rxe4 Bf5 19. Rf4 b6 20. g4
1-0

[Event "ODJM C 2019"]
[Site "Willingen GER"]
[Date "2019.06.13"]
[Round "7"]
[White "Welker, Alexandra"]
[Black "Zinnikus, Elias"]
[Result "1/2-1/2"]
[Termination "normal"]
[Board "9"]
[WhiteElo "1342"]
[BlackElo "1176"]
[PlyCount "109"]
[WhiteFideId "16265360"]
[BlackFideId "16245024"]
[EventCountry "GER"]
[EventRounds "9"]
[EventType "swiss"]
[EventDate "2019.06.08"]

1. e4 d6 2. d4 Nf6 3. Nc3 g6 4. Nf3 Bg7 5. h3 O-O 6. Bc4 c6 7. Bb3 Nbd7 8. O-O
Qc7 9. Be3 e5 10. dxe5 dxe5 11. Qd2 b5 12. Qd3 a5 13. a4 b4 14. Ne2 Ba6 15. Bc4
Bxc4 16. Qxc4 Rfe8 17. Ng3 Qb7 18. b3 Nb6 19. Qc5 Nfd7 20. Qd6 Re6 21. Qd3 c5
22. c4 bxc3 23. Qxc3 Rc6 24. Nd2 Qc7 25. Rac1 Nc8 26. Nc4 Nd6 27. Nxd6 Qxd6 28.
Rfd1 Qc7 29. Rd5 Rc8 30. Rcd1 Nb6 31. Rxc5 Rxc5 32. Bxc5 Qxc5 33. Rd8+ Bf8 34.
Rxc8 Qxc8 35. Qxa5 Qc5 36. Qa7 Nc8 37. Qa8 Na7 38. Qb7 Bd6 39. b4 Qc7 40. Qxc7
Bxc7 41. Ne2 Kg7 42. Nc3 Nc6 43. Nd5 Bd6 44. b5 Na5 45. Kf1 f5 46. f3 Kf7 47.
Ke2 f4 48. Kd3 Ke6 49. Kc3 h5 50. h4 Kd7 51. Nb6+ Kc7 52. Nc4 Nb7 53. Nxd6 Nxd6
54. Kb4 Kb6 55. a5+ 1/2-1/2

[Event "ODJM C 2019"]
[Site "Willingen GER"]
[Date "2019.06.13"]
[Round "7"]
[White "Racky, Selina"]
[Black "Moldovan, Tudor"]
[Result "1-0"]
[Termination "normal"]
[Board "10"]
[WhiteElo "1037"]
[BlackElo "1030"]
[PlyCount "117"]
[WhiteFideId "16239440"]
[BlackFideId "16288203"]
[EventCountry "GER"]
[EventRounds "9"]
[EventType "swiss"]
[EventDate "2019.06.08"]

1. d4 Nf6 2. Bf4 e6 3. e3 c5 4. c3 Be7 5. Bd3 b6 6. Nd2 Bb7 7. Ngf3 Nh5 8. Bg3
Nc6 9. Be4 d6 10. Ng1 Qd7 11. Qxh5 O-O-O 12. Qxf7 g6 13. Qf3 d5 14. Bc2 h5 15.
h3 g5 16. Bh2 Bd6 17. Bxd6 Qxd6 18. Qg3 Qe7 19. O-O-O Rhf8 20. Ngf3 Rg8 21. Ba4
cxd4 22. exd4 h4 23. Qg4 Qc7 24. Qxe6+ Kb8 25. Bxc6 Bxc6 26. Qe5 Qxe5 27. Nxe5
Kc7 28. Ndf3 Rdf8 29. Nxc6 Kxc6 30. Ne5+ Kd6 31. Rdf1 b5 32. g3 b4 33. cxb4
Rc8+ 34. Kd2 Rcf8 35. gxh4 gxh4 36. Ng4 Rf4 37. Ne5 Rxd4+ 38. Ke3 Rxb4 39. Nd3
Rbb8 40. Kd4 Rbc8 41. b3 Rce8 42. Re1 Ref8 43. Re5 Rf3 44. Rxd5+ Kc6 45. Ne5+
Kb6 46. Nxf3 Rf8 47. Ke4 Re8+ 48. Re5 Rxe5+ 49. Kxe5 a5 50. Rd1 a4 51. bxa4 Ka5
52. Rb1 Kxa4 53. Kd5 Ka3 54. Rb8 Kxa2 55. Kc4 Ka3 56. Rb4 Ka2 57. Kc3 Ka3 58.
Nd2 Ka2 59. Ra4# 1-0

[Event "ODJM C 2019"]
[Site "Willingen GER"]
[Date "2019.06.13"]
[Round "7"]
[White "Hornstein, Leonhard Orell"]
[Black "Fischer, John"]
[Result "0-1"]
[Termination "normal"]
[Board "11"]
[WhiteElo "1346"]
[BlackElo "1374"]
[PlyCount "60"]
[WhiteFideId "16254643"]
[BlackFideId "16268679"]
[EventCountry "GER"]
[EventRounds "9"]
[EventType "swiss"]
[EventDate "2019.06.08"]

1. e4 d5 2. exd5 Qxd5 3. Nc3 Qa5 4. d4 Nf6 5. Nf3 Bf5 6. Be3 c6 7. Bc4 Nbd7 8.
O-O O-O-O 9. Qe2 e6 10. Rfd1 Bb4 11. a3 Bxc3 12. bxc3 Qxc3 13. Bb3 Qa5 14. Bf4
Bg4 15. Qe3 Qh5 16. Rd3 Nd5 17. Bxd5 exd5 18. Rb3 Rhe8 19. Qc3 Bxf3 20. Qxf3
Qxf3 21. Rxf3 Re4 22. Be3 f6 23. Rb1 g5 24. Rf5 h5 25. Rb3 Rg8 26. Rc3 Kb8 27.
f3 Re6 28. Kf2 h4 29. h3 Nb6 30. Rc5 Nc4 0-1

[Event "ODJM C 2019"]
[Site "Willingen GER"]
[Date "2019.06.13"]
[Round "7"]
[White "Reger, Christoph"]
[Black "Vollmer, Jan"]
[Result "1-0"]
[Termination "normal"]
[Board "12"]
[WhiteElo "1169"]
[BlackElo "1269"]
[PlyCount "147"]
[WhiteFideId "16287606"]
[BlackFideId "16287649"]
[EventCountry "GER"]
[EventRounds "9"]
[EventType "swiss"]
[EventDate "2019.06.08"]

1. e4 e5 2. Nf3 Nc6 3. Bc4 Bc5 4. d3 Nf6 5. Be3 Bb6 6. c3 d6 7. Nbd2 h6 8. O-O
O-O 9. h3 Re8 10. Nb3 Be6 11. Bxe6 fxe6 12. Qd2 Bxe3 13. fxe3 Nh5 14. Qf2 Rf8
15. g4 Nf6 16. Qh4 Nh7 17. Qxd8 Raxd8 18. Nfd2 Ng5 19. h4 Nh7 20. Rf2 Rxf2 21.
Kxf2 Rf8+ 22. Kg2 g5 23. h5 Nf6 24. Kg3 Nd7 25. Rf1 Re8 26. d4 Kg7 27. d5 Nd8
28. c4 b6 29. a4 Re7 30. a5 Re8 31. axb6 axb6 32. Ra1 Nb7 33. Ra7 Ndc5 34. Nxc5
Nxc5 35. Rxc7+ Kg8 36. Rc6 exd5 37. exd5 Na4 38. Rxd6 Nxb2 39. Rxb6 Nd1 40.
Rxh6 Nxe3 41. Rg6+ Kh7 42. Rxg5 Nc2 43. d6 Rd8 44. Rxe5 Rxd6 45. Rd5 Re6 46. c5
Re3+ 47. Kf2 Rc3 48. Ne4 Rc4 49. Kf3 Nb4 50. Rd6 Kg7 51. c6 Nxc6 52. Kf4 Na5
53. Kf5 Rc1 54. Rd7+ Kf8 55. h6 Rf1+ 56. Kg6 Ke8 57. Rg7 Nc6 58. h7 Ne5+ 59.
Kg5 Nf7+ 60. Rxf7 Rxf7 61. h8=Q+ Ke7 62. Qe5+ Kd8 63. Kg6 Re7 64. Kf6 Rxe5 65.
Kxe5 Ke7 66. g5 Kf7 67. Kf5 Kg7 68. g6 Kg8 69. Kg5 Kg7 70. Nd6 Kg8 71. Nf7 Kg7
72. Kh5 Kg8 73. Kh6 Kf8 74. Kh7 1-0

[Event "ODJM C 2019"]
[Site "Willingen GER"]
[Date "2019.06.13"]
[Round "7"]
[White "Bangiev, Anton"]
[Black "Burdett, Sabah"]
[Result "0-1"]
[Termination "normal"]
[Board "13"]
[WhiteElo "1342"]
[BlackElo "1033"]
[PlyCount "98"]
[WhiteFideId "16267222"]
[BlackFideId "16267702"]
[EventCountry "GER"]
[EventRounds "9"]
[EventType "swiss"]
[EventDate "2019.06.08"]

1. e4 e5 2. Nf3 Nc6 3. Nc3 Nf6 4. g3 d5 5. d3 d4 6. Ne2 Bg4 7. Bg2 h6 8. Bd2
Qd7 9. h3 Be6 10. c3 Bc5 11. Rc1 O-O-O 12. cxd4 Bxd4 13. Nexd4 Nxd4 14. Nxe5
Qe7 15. Be3 Bxa2 16. Bxd4 Rxd4 17. Nf3 Rd7 18. b3 Nxe4 19. Qe2 Qb4+ 20. Nd2
Nxd2 21. Qxd2 Re8+ 22. Be4 Rxe4+ 23. Kd1 Bxb3+ 24. Rc2 Qxd2+ 25. Kxd2 Bxc2 26.
Kxc2 Re2+ 27. Kc3 Rxf2 28. Re1 Kd8 29. Ra1 a6 30. Rb1 b5 31. Ra1 Rd6 32. Re1
Rf3 33. Rd1 c5 34. Kc2 c4 35. dxc4 Rxd1 36. Kxd1 Rc3 37. cxb5 axb5 38. g4 b4
39. g5 h5 40. h4 b3 41. g6 f6 42. Kd2 Rc6 43. Kd3 b2 44. Kd4 b1=Q 45. Kd5 Qb5+
46. Kd4 Rc4+ 47. Kd3 Qb3+ 48. Kd2 Rc2+ 49. Kd1 Qb1# 0-1

[Event "ODJM C 2019"]
[Site "Willingen GER"]
[Date "2019.06.13"]
[Round "7"]
[White "Hubert, Nikita"]
[Black "Vöcking, Laura"]
[Result "1/2-1/2"]
[Termination "normal"]
[Board "14"]
[WhiteElo "1181"]
[BlackElo "1172"]
[PlyCount "83"]
[WhiteFideId "16235754"]
[BlackFideId "16287630"]
[EventCountry "GER"]
[EventRounds "9"]
[EventType "swiss"]
[EventDate "2019.06.08"]

1. d4 f5 2. Bg5 g6 3. Nf3 Bg7 4. e3 Nf6 5. c3 O-O 6. Nbd2 d6 7. Bc4+ Kh8 8. O-O
Nc6 9. Re1 e5 10. dxe5 dxe5 11. e4 f4 12. Bb5 Bg4 13. h3 Bxf3 14. Nxf3 Re8 15.
Qc2 Qd6 16. Qd3 Qxd3 17. Bxd3 Rad8 18. Rad1 Rd6 19. Bc4 Rxd1 20. Rxd1 Nxe4 21.
Re1 Nxg5 22. Nxg5 h6 23. Ne4 Rf8 24. Bd5 f3 25. g3 Rd8 26. Bc4 a6 27. Re3 Rf8
28. Nc5 Na5 29. Bb3 Nxb3 30. axb3 Rf5 31. Nxb7 Bf8 32. b4 h5 33. Nc5 Bxc5 34.
bxc5 a5 35. Rd3 e4 36. Rd8+ Kg7 37. Rd7+ Rf7 38. Rd4 Rf5 39. Rc4 Re5 40. c6 Re6
41. Kf1 Kf6 42. Ke1 1/2-1/2

[Event "ODJM C 2019"]
[Site "Willingen GER"]
[Date "2019.06.13"]
[Round "7"]
[White "Scheerer, Amelie"]
[Black "Burger, Daiana"]
[Result "0-1"]
[Termination "normal"]
[Board "15"]
[WhiteElo "1054"]
[BlackElo "1366"]
[PlyCount "44"]
[WhiteFideId "16275772"]
[BlackFideId "16217233"]
[EventCountry "GER"]
[EventRounds "9"]
[EventType "swiss"]
[EventDate "2019.06.08"]

1. e4 e5 2. Nf3 Nc6 3. Bc4 Bc5 4. c3 Nf6 5. d4 exd4 6. cxd4 Bb4+ 7. Bd2 Bxd2+
8. Nbxd2 d5 9. exd5 Nxd5 10. Ne5 O-O 11. O-O Nf4 12. Qf3 Qxd4 13. Nxc6 bxc6 14.
Qxc6 Rb8 15. Qxc7 Nh3+ 16. gxh3 Bxh3 17. Rfd1 Rxb2 18. Ne4 Qxe4 19. Qg3 Qxc4
20. Qxh3 h6 21. Qd7 Qc5 22. Rd2 Qg5+ 0-1

[Event "ODJM C 2019"]
[Site "Willingen GER"]
[Date "2019.06.13"]
[Round "7"]
[White "Engels, Marlene"]
[Black "Margaryan, Harut"]
[Result "1/2-1/2"]
[Termination "normal"]
[Board "16"]
[WhiteElo "1263"]
[BlackElo "1089"]
[PlyCount "70"]
[WhiteFideId "16222962"]
[BlackFideId "16268202"]
[EventCountry "GER"]
[EventRounds "9"]
[EventType "swiss"]
[EventDate "2019.06.08"]

1. e4 c5 2. Nf3 e6 3. Bb5 a6 4. Bc4 d5 5. exd5 exd5 6. Be2 Nf6 7. c3 Be7 8. d4
c4 9. Bf4 Bf5 10. Nbd2 O-O 11. Ne5 Nbd7 12. b3 cxb3 13. axb3 Nxe5 14. dxe5 Ne4
15. Nxe4 Bxe4 16. f3 Bf5 17. Qd2 Qd7 18. Rd1 Rad8 19. O-O Rfe8 20. Kh1 Bc5 21.
b4 Bb6 22. Bg5 Rc8 23. c4 Rxe5 24. c5 Ba7 25. Bf4 Ree8 26. Qxd5 Qxd5 27. Rxd5
Rxe2 28. Rxf5 Rb2 29. Rd1 Rxb4 30. h3 g6 31. Rf6 Kg7 32. Be5 Kg8 33. Rfd6 Bxc5
34. Rd8+ Rxd8 35. Rxd8+ Bf8 1/2-1/2

[Event "ODJM C 2019"]
[Site "Willingen GER"]
[Date "2019.06.13"]
[Round "7"]
[White "Tenbosch, Till Theo"]
[Black "Hapke, Lara"]
[Result "1-0"]
[Termination "normal"]
[Board "17"]
[WhiteElo "1085"]
[BlackElo "1358"]
[PlyCount "115"]
[WhiteFideId "16255461"]
[BlackFideId "12996572"]
[EventCountry "GER"]
[EventRounds "9"]
[EventType "swiss"]
[EventDate "2019.06.08"]

1. d4 d5 2. Bf4 e6 3. e3 Nf6 4. Nd2 Be7 5. Bd3 O-O 6. Ngf3 b6 7. Ne5 Bb7 8. Qf3
Nbd7 9. Qh3 c5 10. c3 Nxe5 11. dxe5 Ne4 12. f3 h6 13. fxe4 dxe4 14. Bc2 Rc8 15.
Rd1 Qd5 16. Bxe4 Qd7 17. Bxb7 Qxb7 18. Qf3 Qa6 19. Ra1 Rfd8 20. Qe2 Qb7 21. O-O
f6 22. exf6 Bxf6 23. Rfd1 Rd5 24. Nf3 Rh5 25. Rd6 Qe4 26. Qd3 Qa4 27. b3 Qa5
28. a4 Bxc3 29. Rc1 Bf6 30. Qb5 Qxb5 31. axb5 Bb2 32. Rc2 Bf6 33. Rxe6 Rd8 34.
e4 Rd1+ 35. Kf2 Ba1 36. g4 Rh3 37. Rd2 Rb1 38. Bg3 Bd4+ 39. Nxd4 cxd4 40. Rd6
Rxb3 41. Kg2 Rhxg3+ 42. hxg3 Rxb5 43. R6xd4 Rg5 44. Kf3 h5 45. gxh5 Rxh5 46.
Ra4 a5 47. Rb2 Rh6 48. Ra3 Rf6+ 49. Kg4 Re6 50. Kf5 Rf6+ 51. Ke5 Kf7 52. Rb5
Re6+ 53. Kd5 Kf6 54. Rab3 Re5+ 55. Kd4 Re8 56. Rxb6+ Kf7 57. Rb8 Re6 58. R3b6
1-0

[Event "ODJM C 2019"]
[Site "Willingen GER"]
[Date "2019.06.13"]
[Round "7"]
[White "Grunert, Heinrich"]
[Black "Keuper, David"]
[Result "0-1"]
[Termination "normal"]
[Board "18"]
[WhiteElo "1211"]
[BlackElo "1075"]
[PlyCount "38"]
[WhiteFideId "16213416"]
[BlackFideId "16287568"]
[EventCountry "GER"]
[EventRounds "9"]
[EventType "swiss"]
[EventDate "2019.06.08"]

1. e4 e5 2. Nf3 Nc6 3. Bc4 Bc5 4. c3 Nf6 5. d4 exd4 6. cxd4 Bb4+ 7. Bd2 Nxe4 8.
Bxb4 Nxb4 9. Bxf7+ Kxf7 10. Qb3+ d5 11. Qxb4 Rf8 12. Ne5+ Kg8 13. O-O Qg5 14.
f3 Bh3 15. Ng4 Bxg4 16. fxg4 Rxf1+ 17. Kxf1 Rf8+ 18. Kg1 Qc1+ 19. Qe1 Qxe1# 0-1

[Event "ODJM C 2019"]
[Site "Willingen GER"]
[Date "2019.06.13"]
[Round "7"]
[White "Gerdes, Jesko"]
[Black "Schwarz, David"]
[Result "1/2-1/2"]
[Termination "normal"]
[Board "20"]
[WhiteElo "1106"]
[BlackElo "950"]
[PlyCount "41"]
[WhiteFideId "16273699"]
[BlackFideId "16287614"]
[EventCountry "GER"]
[EventRounds "9"]
[EventType "swiss"]
[EventDate "2019.06.08"]

1. e4 e5 2. Nf3 Nc6 3. Bb5 d6 4. d4 exd4 5. Qxd4 Bd7 6. Qa4 Nf6 7. Qb3 Be7 8.
Nc3 Rb8 9. Ng5 O-O 10. Nd5 Nd4 11. Nxe7+ Qxe7 12. Qd3 Nxb5 13. O-O h6 14. Nh3
Bxh3 15. gxh3 c6 16. Bf4 d5 17. Bxb8 Rxb8 18. exd5 Nxd5 19. c4 Nf4 20. Qf3 Nd4
21. Qg4 1/2-1/2